| 000 | 00401nam a22001697a 4500 | ||
|---|---|---|---|
| 003 | SGT | ||
| 020 | _a9789354657481 | ||
| 082 |
_a618.92 _bR25M |
||
| 100 | _aMEHRA, TARUNA | ||
| 245 | _aREVIEW OF PEDIATRICS & NEONATOLOGY | ||
| 250 | _a7TH | ||
| 260 |
_aNEW DELHI _bJAYPEE BRO,PUB. _c2025 |
||
| 300 | _a551 | ||
| 650 | _aPEDIATRICS | ||
| 653 | _aREVIEW , PEDIATRICS , NEONATOLOGY | ||
| 942 |
_2ddc _cBK |
||
| 999 |
_c34735 _d34735 |
||